000 00696nam a2200181 i 4500
001 105757
003 ES-MaACL
007 t|
008 931025s1861 ne ||||1| ara d
100 1 _aYa'qubi, Ahmad ibn Abi Yak'qub al.
_9117527
245 1 0 _aSpecimen e literis orientalibus, exibens Kitabo'l-Boldan, sive librum regionum /
_cauctore Ahmed Ibn Abi Ja'qub, noto nomine Al-Ja'qubii; quem auspice viro clarissimo T. G. J. Juynboll.
260 _aLugduni-Batavorum [Leyden] :
_bE.J. Brill,
_c1861.
300 _a[162] p. ;
_c20 cm.
500 _aTexto en árabe.
700 1 _aJuynboll, Abrahamus Wilhelmus Theodorus.
_967379
740 0 _aKitab Al-Boldan.
852 _aES-MaACL
_jT-363-F-12
999 _c105757
_d105757